Diccionario Interdisciplinar de Hermenéutica
I tiakina i:
| Ētahi atu kaituhi: | , |
|---|---|
| Hōputu: | Pukapuka |
| Reo: | Pāniora |
| I whakaputaina: |
Bilbao, España:
Universidad de Deusto,
1997
|
| Ngā marau: | |
| Ngā Tūtohu: |
Tāpirihia he Tūtohu
Kāore He Tūtohu, Me noho koe te mea tuatahi ki te tūtohu i tēnei pūkete!
|
MARC
| LEADER | 00000nam a2200000 a 4500 | ||
|---|---|---|---|
| 001 | UCK4416 | ||
| 003 | CL-VaPUC | ||
| 005 | 20221128120235.0 | ||
| 008 | 050603e20040000SP |||||||||||||||||spa|d | ||
| 999 | |c 435640 |d 435638 | ||
| 020 | |a 84-7485-475-X | ||
| 040 | |c Pontificia Universidad Católica de Valparaíso | ||
| 082 | 0 | 4 | |a 121.686 ORT 1997 |2 21 |
| 100 | |a Ortiz-Osés, Andrés |e director |9 518839 | ||
| 245 | 1 | 0 | |a Diccionario Interdisciplinar de Hermenéutica |
| 260 | |a Bilbao, España: |b Universidad de Deusto, |c 1997 | ||
| 300 | |a 862 páginas | ||
| 500 | |a c.1 Donación Familia Prof. Alejandro Guzmán Brito. | ||
| 583 | |a last modification |c 20050603 00:00:00 |k Catalogador Asistente | ||
| 650 | 0 | |a Hermenéutica |9 269473 |x Diccionarios | |
| 700 | |a Lanceros Méndez, Patxi |e director |9 569117 | ||
| 942 | |c BK |2 ddc |n 0 | ||
| 945 | |d 20050603 00:00:00 |a jcarroza | ||
| 952 | |0 0 |1 0 |2 ddc |4 0 |6 121_686000000000000_ORT_1997 |7 1 |8 C_AGB |9 583100 |a BIBDER |b BIBDER |c GEN |d 2022-05-17 |e Donación |i 5651257 |o 121.686 ORT 1997 |p 5651257 |r 2023-01-25 |t 1 |w 2022-05-17 |y BK_US |k AGB | ||